| 000 | 00768nam a2200217 a 4500 | ||
|---|---|---|---|
| 001 | 000027371 | ||
| 005 | 20240301142627.0 | ||
| 008 | 110328s1983 dr r 000 0 spa d | ||
| 040 |
_aDO-SdBNP _bspa _cBNPHU |
||
| 082 |
_a972.93 _bM738c, 1983 |
||
| 100 | 1 |
_aMonclús, Miguel Ángel, _d1873-1967 _931058 |
|
| 245 | 1 | 3 |
_aEl caudillismo en la República Dominicana / _cMiguel Ángel Monclús ; prólogo Sócrates Nolasco. |
| 250 | _a4a ed. | ||
| 260 |
_aSanto Domingo : _bUniversidad CETEC, _c1983. |
||
| 300 |
_a134 p. ; _c21 cm. |
||
| 490 | 1 |
_aEnsayos _v9 |
|
| 650 | 4 |
_aPresidentes _vBIOGRAFÍAS _zRepública Dominicana _954449 |
|
| 651 | 4 |
_aRepública Dominicana _xHistoria _9170 |
|
| 700 | 1 | 2 |
_aNolasco, Sócrates, _d1884-1980 _epról. _922323 |
| 830 | 0 |
_aEnsayos _n9 _954450 |
|
| 999 |
_c26863 _d26863 |
||